FIFA 22 - FIFA 20 Piłkarze oceniani na 90+ - Statystyki

Ogólne statystyki
  • Ten quiz został rozwiązany 153 razy
  • Średni wynik to 29 z 33
Statystyki odpowiedzi
Gra Ocena Ogólna Drużyna Piłkarz % Poprawnych
FIFA 22 93 Lionel Messi
98%
FIFA 21 93 Lionel Messi
98%
FIFA 20 94 Lionel Messi
98%
FIFA 22 91 Cristiano Ronaldo
97%
FIFA 21 92 Cristiano Ronaldo
97%
FIFA 20 93 Cristiano Ronaldo
97%
FIFA 22 92 Robert Lewandowski
97%
FIFA 21 91 Robert Lewandowski
97%
FIFA 22 91 Neymar Jr.
94%
FIFA 21 91 Neymar Jr.
94%
FIFA 20 92 Neymar Jr.
94%
FIFA 22 90 Harry Kane
93%
FIFA 22 91 Kylian Mbappe
92%
FIFA 21 90 Kylian Mbappe
92%
FIFA 21 90 Mohamed Salah
90%
FIFA 20 90 Mohamed Salah
90%
FIFA 22 91 Jan Oblak
85%
FIFA 21 91 Jan Oblak
85%
FIFA 20 91 Jan Oblak
85%
FIFA 22 91 Kevin De Bruyne
84%
FIFA 21 91 Kevin De Bruyne
84%
FIFA 20 91 Kevin De Bruyne
84%
FIFA 22 90 Marc-Andre Ter Stegen
81%
FIFA 21 90 Marc-Andre Ter Stegen
81%
FIFA 20 90 Marc-Andre Ter Stegen
81%
FIFA 22 90 Manuel Neuer
79%
FIFA 21 90 Virgil van Dijk
79%
FIFA 20 90 Virgil van Dijk
79%
FIFA 21 90 Sadio Mane
77%
FIFA 21 90 Alisson
76%
FIFA 20 90 Luka Modrić
73%
FIFA 20 91 Eden Hazard
63%
FIFA 22 90 N`Golo Kante
59%
Nie znaleziono quizów pasujących do podanych kryteriów
Rozkład punktacji
Procent ludzi z każdym wynikiem
Percentyl według liczby udzielonych odpowiedzi
Twoja historia wyników
Nie rozwiązałeś tego quizu